Commercial Yield Performance of Hevea Clones in India: A Comparative Analysis (Record no. 45047)

MARC details
000 -LEADER
fixed length control field 00403nam a2200133Ia 4500
100 ## - MAIN ENTRY--AUTHOR NAME
Personal name Toms Joseph
245 #0 - TITLE STATEMENT
Title Commercial Yield Performance of Hevea Clones in India: A Comparative Analysis
260 ## - PUBLICATION, DISTRIBUTION, ETC. (IMPRINT)
Name of publisher Rubber Research Institute of India
Place of publication Kottayam
Year of publication 1999
650 ## - SUBJECT ADDED ENTRY--TOPICAL TERM
Topical Term Economics
700 ## - ADDED ENTRY--PERSONAL NAME
Personal name P. K. Viswanathan
700 ## - ADDED ENTRY--PERSONAL NAME
Personal name S. Lekshmi
942 ## - ADDED ENTRY ELEMENTS (KOHA)
Koha item type Publications
Holdings
Withdrawn status Lost status Damaged status Not for loan Collection code Home library Current library Date acquired Cost, normal purchase price Accession Number Koha item type
      Publications Book publications RRII Library RRII Library 31/12/2021 250.00 BK 18 Publications